Mario Kart World Costumes - Statistics

General Stats
  • This quiz has been taken 28 times
  • The average score is 69 of 103
Answer Stats
Character Costume % Correct
Baby Daisy | Baby Luigi | Baby Mario | +17 others Pro Racer
91%
Daisy | Pauline | Peach | Rosalina Aero
82%
Mario Dune Rider
82%
Birdo | Daisy | Peach Vacation
82%
Donkey Kong | Luigi | Mario All-Terrain
73%
Bowser | Koopa Troopa All Terrain
73%
King Boo | Yoshi Aristocrat
73%
Lakitu | Shy Guy Pit Crew
73%
Baby Daisy | Baby Peach | Baby Rosalina | Koopa Troopa Sailor
73%
Baby Mario | Daisy | Yoshi Swimwear
73%
Baby Daisy | Baby Peach | Baby Rosalina | +6 others Touring
73%
Waluigi Wampire
73%
Rosalina Aurora
64%
Toad Burger Bud
64%
Mario Cowboy
64%
Luigi | Peach Farmer
64%
Luigi Gondolier
64%
Daisy | Luigi | Wario Oasis
64%
King Boo | Wario Pirate
64%
Waluigi | Wario Road Ruffian
64%
Koopa Troopa Runner
64%
Mario | Peach Sightseeing
64%
Toadette | Yoshi Soft Server
64%
Bowser Supercharged
64%
Bowser | Waluigi | Wario | Yoshi Biker
55%
Baby Daisy | Baby Peach | Baby Rosalina | +3 others Explorer
55%
Lakitu Fisherman
55%
Shy Guy Slope Styler
55%
Wario Wicked Wasp
55%
Peach Yukata
55%
Mario | Peach Aviator
45%
Toadette Conductor
45%
Toad Engineer
45%
Baby Luigi | Baby Mario | Koopa Troopa | Wario Work Crew
45%
Yoshi Food Slinger
36%
Luigi | Mario Mechanic
36%
Bowser Jr Biker Jr
27%
Luigi | Mario Happi
27%
Waluigi Mariachi
27%
Yoshi Matsuri
27%
No matching quizzes found
Score Distribution
Percent of People with Each Score
Percentile by Number Answered
Your Score History
You have not taken this quiz